CHP üzerine denemeler (Record no. 1085)

MARC details
000 -BAŞLIK
Sabit Uzunlukta Kontrol Alanı 00761na a2200277 4500
001 - KONTROL NUMARASI
Denetim Alanı 16972
003 - KONTROL NUMARASI IDENTIFIER
Denetim Alanı MIRAKIL
005 - SON İŞLEM TARİHİ VE ZAMANI
Denetim Alanı 20181213154811.0
008 - SABİT-BOY VERİ ELEMANLARI - GENEL BİLGİLER
Sabit Uzunlukta Kontrol Alanı 161019b tu 000 0
020 ## - ULUSLARARASI STANDART KİTAP NUMARASI
Uluslararası Standart Kitap Numarası 978995648179X
035 ## - SİSTEM KONTROL NUMARASI
Sistem Kontrol Numarası 15141
040 ## - KATALOGLAMA KAYNAK
Orijinal Kataloglama Ajansı Milas
Kataloglama Dili tur
Metne Dönüştürmek Ajansı TR-AnCHP
041 ## - DİL KODU
Metin / Ses Parça Veya Ayrı Başlığın Dil Kodu tur
082 ## - DEWEY ONLU SINIFLANDIRMA NUMARASI
Sınıflandırma Numarası CHP 324.2172
Ürün Numarası K56c 2010
090 ## - SINIFLAMA NUMARASI
Sınıflama Numarası CHP 324.2172 K56c 2010
100 ## - ANA GİRİŞ - KİŞİSEL İSİM
Kişisel Ad Kiraz, Ali Güvenç
245 ## - BAŞLIK TABLOSU
Başlık CHP üzerine denemeler
Sorumluluk Tablosu, Vb Ali Güvenç Kiraz
260 ## - YAYIN, DAĞITIM, VB
Yayın, Dağıtım, Vb Yeri İstanbul
Yayıncı, Dağıtıcı, Vs Adı Tümzamanlar
Yayın, Dağıtım, Vb Tarihi 2010
300 ## - FİZİKSEL TANIM
Kapsam 154 s.
Boyutlar 19 sm.
490 ## - SERİSİ TABLOSU
Seri Beyanı Tümzamanlar yayınları
Hacim / Ardışık Tanımı 199
610 ## - KONU KATMA GİRİŞ - TOPLANTI ADI
Giriş Elemanı Olarak Kurumsal Ad Veya Yargı Alanı Adı CHP
Genel Alt Bölüm Felsefe
Kronolojik Alt Bölüm Denemeler
650 ## - KONU KATMA GİRİŞ - TOPİKAL DÖNEM
Topikal Süreli Veya Coğrafi Ad Giriş Elemanı Sosyal demokrat partiler
Genel Alt Bölümü CHP
Kronolojik Alt Bölümü Felsefe
Coğrafi Alt Bölümü Türkiye
650 ## - KONU KATMA GİRİŞ - TOPİKAL DÖNEM
Topikal Süreli Veya Coğrafi Ad Giriş Elemanı Siyaset felsefesi
700 ## - KATMA GİRİŞ - KİŞİSEL İSİM
Kişisel Ad
942 ## - EKLENDİ GİRİŞ ELEMANLARI (KOHA)
Sınıflandırma Veya Raf Düzeni Kaynak Dewey Decimal Classification
Koha Öğesi Türü Books
999 ## - SİSTEM KONTROL NUMARALARI (KOHA)
Koha Biblionumber 1085
Koha Biblioitemnumber 1085
Holdings
Kalıcı Konum Mevcut Konum Edinme Tarihi Edinim Kaynak Toplam Check-Out'Lar Tam Çağrı Numarası Barkod Tarih Son Görülme İtibaren Geçerli Fiyatlar Koha Öğesi Türü Kopya Sayısı
CHP Kütüphanesi CHP Kütüphanesi 10/19/2016 Bağış   CHP 324.2172 K56c 2010 006919 10/19/2016 10/19/2016 Books  
CHP Kütüphanesi CHP Kütüphanesi 10/19/2016 Bağış   CHP 324.2172 K56c 2010 006920 10/19/2016 10/19/2016 Books k.2